Financovanie kultúrnych a sociálnych opatrení správa pre priebežnú oponentúru výskumnej úlohy

Gespeichert in:
Bibliographische Detailangaben
Format: Buch
Sprache:Slowakisch
Veröffentlicht: Bratislava Vysoká škola ekonomická 1983
Tags: Tag hinzufügen
Keine Tags, Fügen Sie das erste Tag hinzu!

MARC

LEADER 00000nam a2200000 4500
001 c111278
005 20250520124035.0
041 0 |a slo 
044 |a SK 
245 1 0 |a Financovanie kultúrnych a sociálnych opatrení  |b správa pre priebežnú oponentúru výskumnej úlohy 
264 1 |a Bratislava  |b Vysoká škola ekonomická  |c 1983 
300 |a prer. s.